000 00579nam a2200217 i 4500
001 bg
100 1 _aWOLNY, Andrzej
245 1 0 _aCurrent breaking through commutation /
_cAndrzej Wolny.
260 _aGdańsk :
_bWydaw. Politechniki Gdańskiej,
_c2001.
300 _a268 s. :
_brys., wykr. ;
_c24 cm.
504 _aBibliogr.
650 9 _aUkłady elektryczne
_xbadanie
650 9 _aKomutacja
020 _a8388007661
040 _cBPK
041 0 _aen
080 _a621.3:537.3
920 _a83-88007-66-1
942 _cKS
008 s pl f |000 0 pol
999 _c40000
_d40000
856 _uhttp://koha.tu.koszalin.pl/cgi-bin/koha/opac-detail.pl?biblionumber=40000
_yKatalog online BPK